000 00297nam a2200133Ia 4500
005 20251222175927.0
008 251222s9999||||xx |||||||||||||| ||spa||
020 _a9788467453300
082 _a800/M84
245 0 _aImprimatur
250 _a1ra.ed.
264 _bPlaneta DeAgostini
942 _cLIB
999 _c40888
_d40888